000 00794nam a22002417a 4500
003 EC-GqESP
005 20260402152352.0
008 260402b |||||||| |||| 00| 0 eng d
041 _aeng
082 _a005.1
_pMON
100 _aMonsalve, Carlos
245 _aMeasuring software functional size from business process models
_cCarlos Monsalve, Alain Abran and Alain April
260 _aNew Yersey
_bWorld Scientific
_c2011
300 _apáginas 311 - 338
_c25 cm.
500 _aRevista International Journal of Software Engineering and Knowledge Engineering. Vol 21 no. 3.
504 _aIncluye bibliografĂ­a
650 _aFuctional size measurement
650 _aBusiness process model
650 _aISO 19761
700 _aAbran, Alain
700 _aApril, Alain
942 _c01
999 _c238298
_d238298